Modern improvising and application of ideas to melody for advanced players only

Guardat en:
Dades bibliogràfiques
Autor principal: Green, George Hamilton (Autor)
Format: Partitura Llibre
Idioma:anglès
Publicat: Delray Beach Meredith Music Publications 1986
Col·lecció:New Series of Individual Instruction Courses for Xylophone and Marimba
Matèries:
Etiquetes: Afegir etiqueta
Sense etiquetes, Sigues el primer a etiquetar aquest registre!

MARC

LEADER 00000ncm a2200000 a 4500
001 UCH5987
003 CL-VaPUC
005 20250103123522.0
008 091105e19860000us |||||||||||||||||eng|d
999 |c 336977  |d 336975 
040 |c Pontificia Universidad Católica de Valparaíso 
082 0 4 |a Pe786.8193 GRE 1986  |2 21 
100 |a Green, George Hamilton  |e author  |9 542403 
245 1 0 |a Modern improvising and application of ideas to melody for advanced players only 
260 |a Delray Beach  |b Meredith Music Publications  |c 1986 
300 |a 110 p 
490 0 |a New Series of Individual Instruction Courses for Xylophone and Marimba 
500 |a A complete routine of thirty-five lessons, showing how variations and arpeggios are formed in their relation to the fundamental chord. Application of variations, arpeggios, double-stops, scale forms to a given melody. A thorough demonstration of the invention of ideas, adaption from the piano-part, hot choruses, rhythm effects, etc 
583 |a last modification  |c 20171218 01:05:57  |k Rodrigo Vera 
650 0 |a Percusión  |9 390071 
650 0 |a Técnicas de ejecución  |9 323937 
650 0 |a Música para xilófono  |9 466919 
650 0 |a Música para marimba  |9 466920 
650 0 |a Instrumentos de percusión  |9 331791 
650 0 |a Partituras  |9 324008 
942 |c BK  |2 ddc 
945 |d 20091105 00:00:00  |a dcastane 
952 |0 0  |1 0  |2 ddc  |4 0  |6 PE_786_819300000000000_GRE_1986  |7 0  |8 X  |9 429060  |a BIBEDU  |b BIBEDU  |d 2019-11-22  |i 4615557  |o Pe786.8193 GRE 1986  |p 4615557  |r 2023-11-22  |w 2019-11-22  |y PA  |k MUS